000 01059nam a2200253 a 4500
001 83807
003 BD-RjUL
005 20240525151526.0
008 240525s2004 bg a|||| m||| 00| 0 eng d
035 _a(BD-RjUL)83807
040 _aBD-RjUL
_beng
_cBD-RjUL
_dBD-RjUL
041 _aeng
082 _223
_a595.77
_bYEE 2004
100 _aYeasmin, Farida
_93681
245 1 0 _aAn Estimation of Cytoplasmic Incompatibility and Genetic Variability in the House Fly Musca Domestica L. /
_cBy Farida Yeasmin ;
_6Principal Supervisor : Md. Abdus Salam, Co-Supervisor : M. Saiful Islam
260 _aRajshahi :
_bInstitute of Bilological Sciences, University of Rajshahi,
_c2004
300 _axi, 276 Leaves :
_bill, ;
_c29 cm.
502 _aThesis (Ph. D.) -- Institute of Bilological Sciences, University of Rajshahi, 2004
504 _aReferences : Leaves [180]-228
650 _aArthropoda
_vDomestica
_xIncompatibility
_913146
700 _aSalam, Md. Abdus, Principal Supervisor
_96157
700 _aIslam, M. Saiful, Co-Supervisor
_913132
942 _2ddc
_cTHE
999 _c83807
_d83807